MARC

LEADER 00000nam0a2200000 4500
001 369907
005 20231102012229.0
035 |a (RuTPU)RU\TPU\retro\27314 
090 |a 369907 
100 |a 20220607d1980 km y0rusy50 ca 
101 0 |a rus 
102 |a RU 
105 |a a z 001zy 
200 1 |a Усилители класса D и ключевые генераторы в радиосвязи и радиовещании 
210 |a Москва  |c Связь  |d 1980 
215 |a 209 с.  |c ил. 
320 |a Библиогр.: с. 207-209 
606 1 |a Усилители  |x Автоматическое регулирование  |2 stltpush  |3 (RuTPU)RU\TPU\subj\63243 
606 1 |a Генераторы управляемые  |2 stltpush  |3 (RuTPU)RU\TPU\subj\5861  |9 33849 
610 1 |a электронные усилители 
610 1 |a схемы 
610 1 |a оптимизация 
610 1 |a режимы работы 
610 1 |a генераторы высокого напряжения 
610 1 |a высокие частоты 
610 1 |a низкие частоты 
610 1 |a модуляция 
610 1 |a гармонические колебания 
610 1 |a спектральный анализ 
675 |a 621.375  |v 4 
675 |a 621.373.1  |v 4 
700 1 |a Артым  |b А. Д.  |g Анатолий Дмитриевич 
801 1 |a RU  |b 63413507  |c 20220607 
942 |c BK